000 00322nam a22001337a 4500
008 181023b xxu||||| |||| 00| 0 eng d
020 _a2740266871225
041 _aeng
080 _23 ed
_a159.9
100 _a316
101 _aSOC
245 _aWomens Lives A psylogical Exploration
_cEtaugh.C.A
942 _2udc
_cBK
999 _c50563
_d50563